000 00998nam a22003377a 4500
001 3030671
003 NUST
005 20210823161218.0
008 950302s1994 pk 000 0 pano
010 _a 94930687
020 _cRs80.00
025 _aP-Pan-031306
038 _aArshad
040 _aDLC
_cDLC
042 _alcode
050 0 0 _aMLCSA 94/01611 (P)
082 _a891.427
_bBUT
100 1 _aBaṭ, Muḥammad Yūnus.
_9955
245 1 0 _aTū tū main̲ main̲ /
_cMuḥammad Yūnus Baṭ.
260 _aLāhaur :
_bGorā Pablisharz,
_c1994.
300 _a135 p. ;
_c22 cm.
500 _aIn Panjabi (Arabic script)
520 _aHumorous articles.
563 _aHBK
880 _6100-01(3\r
_aمحمد یونس بٹ
880 _6245-02(3\r
_aتو تو میں میں
880 _6260-03(3\r
_aلاہور:
_bسنگ میل پبلیکشنز،
_c2008
906 _a7
_bcbc
_corigode
_du
_encip
_f19
_gy-gencatlg
942 _2ddc
_cBK
999 _c586195
_d586195